|
|
|
|
| LEADER |
01304nam a2200265 i 4500 |
| 003 |
GR-PaULI |
| 005 |
20210117210440.0 |
| 008 |
170912m1992 gr a|||g |||| 000 0 gre d |
| 020 |
|
|
|a 9603030023 (σετ)
|
| 020 |
|
|
|a 9603030031 (τ. 1)
|
| 040 |
|
|
|a GR-PaULI
|b gre
|c GR-PaULI
|e AACR2
|
| 041 |
1 |
|
|a gre
|h fre
|
| 082 |
0 |
4 |
|2 23
|a 956.101 5
|
| 100 |
1 |
|
|9 164042
|a Tavernier, Jean-Baptiste,
|d 1606-1689
|e συγγραφέας
|
| 245 |
1 |
0 |
|a Έξι ταξίδια στην Τουρκία και την Περσία /
|c Ιωάννης Βαπτιστής-Ταβερνιέ ; εισαγωγή-μετάφραση-σημειώσεις Ιωσήφ Κασσεσιάν.
|
| 260 |
|
|
|a Αθήνα :
|b Στοχαστής,
|c 1992.
|
| 300 |
|
|
|a 2 τ. ;
|c 21 εκ.
|
| 500 |
|
|
|a Τ. 1. - 332 σ.
|
| 651 |
|
4 |
|9 111152
|a Ιράν
|x Περιγραφή και ταξίδια
|
| 651 |
|
4 |
|9 164043
|a Οθωμανική Αυτοκρατορία
|x Περιγραφή και ταξίδια.
|
| 700 |
1 |
|
|9 6030
|a Κασσεσιάν, Ιωσήφ Γρηγόρης
|e μεταφραστής
|
| 942 |
|
|
|2 ddc
|c BK15
|
| 952 |
|
|
|0 0
|1 0
|2 ddc
|3 τ. 1
|4 0
|6 956_101000000000000_5_TAV
|7 0
|9 214924
|a LISP
|b LISP
|c DON
|d 2017-09-12
|e ΔΙΑ
|i 087722
|l 0
|o 956.101 5 TAV
|p 025000151713
|r 2017-09-12 00:00:00
|t 1
|y BKN
|
| 998 |
|
|
|c ΒΑΣΙΛΕΙΟΥ
|d 2017-09
|
| 999 |
|
|
|c 130589
|d 130589
|